| 000 | 00942nas a2200253 454500 | ||
|---|---|---|---|
| 001 | 28151 | ||
| 005 | 20260407193507.0 | ||
| 008 | 260407s2015####ag###########|||spa#d | ||
| 003 | AR-UNSa-BCEJYS | ||
| 040 |
_aAR-UNSa-BCEJYS _bspa _cAR-UNSa-BCEJYS |
||
| 080 |
_a347.7 _xDerecho Mercantil. Derecho Comercial |
||
| 245 | 1 | 0 |
_aTemas de derecho comercial _pempresarial y del consumidor |
| 264 | 1 |
_aBuenos Aires : _bErreius _c2015 |
|
| 310 | _aFrecuencia: Mensual A partir del número correspondiente al mes de Febrero de 2024, cambia de periodicidad en forma bimestral | ||
| 520 | _aContiene Doctrina, Jurísprudencia y Legislación | ||
| 041 | _aspa | ||
| 942 | _cSER | ||
| 590 | _aniveau_biblio:s niveau_hierar:1 | ||
| 100 | 1 | _aPerciavalle, Marcelo L. | |
| 650 | _aConsumidor | ||
| 650 | _aLegislación | ||
| 650 | _aDERECHO COMERCIAL | ||
| 856 | 4 | 1 |
_uhttps://biblioeco.unsa.edu.ar/pmb/images/revistas/R10498.jpg _yImagen de portada _qimage/jpeg |
| 999 |
_c8637 _d8637 |
||